The Oxford 3000 - Letter N - Translate from Polish to English - Statystyki

Ogólne statystyki
  • Ten quiz został rozwiązany 26 razy
  • Średni wynik to 46 z 62
Statystyki odpowiedzi
Polish Angielski % Poprawnych
naród; nacja; państwo nation
100%
narodowy; krajowy national
100%
nowy new
100%
następny; kolejny; następnie; potem next
100%
noc night
100%
normalny; normal
100%
nos nose
100%
Listopad November
100%
teraz; obecnie; aktualnie now
100%
liczba; numer; numerować number
100%
nazwa; imię; nazywać name
94%
naturalny; przyrodniczy natural
94%
natura; przyroda nature
94%
szyja; kark neck
94%
potrzebować; potrzeba need
94%
negatywny; negatyw negative
94%
nigdy never
94%
aktualności; wiadomości; wieści; nowiny news
94%
gazeta newspaper
94%
ładny; miły; przyjemny nice
94%
nie; brak(brak czegoś) no
94%
notatka; krótka wiadomość; uwaga; adnotacja; zanotować; zwrócić uwagę note
94%
jądrowy; nuklearny nuclear
94%
gwóźdź; paznokieć nail
88%
naturalnie naturally
88%
nerwowy nervous
88%
sieć; siatka net
88%
hałaśliwy; głośny noisy
88%
północ; na północ; na północy north
88%
nic nothing
88%
orzech; nakrętka; orzeszek nut
88%
w pobliżu; blisko; obok; koło near
81%
obok; przy next to
81%
normalnie; z reguły normally
81%
powieść novel
81%
nigdzie nowhere
81%
pielęgniarka nurse
81%
koszmar; zmora nightmare
75%
hałas; dźwięk; szum noise
75%
nikt; żaden(bardziej potocznie) nobody
69%
sieć internetowa network
63%
nie(przeczenie zdania lub frazy) not
63%
konieczny; niezbędny; potrzebny necessary
56%
nerw nerve
56%
żaden; nic; nikt none
56%
nikt; żaden(bardziej formalnie) no one
56%
igła; iglica needle
50%
żaden; ani neither
50%
narracja; opowiadanie; narracyjny narrative
44%
wąski; zwężać narrow
44%
ojczysty; rodzimy; tubylec native
44%
sąsiad neighbor
44%
sąsiedztwo; okolica; dzielnica neighborhood
44%
północny northern
44%
liczny numerous
44%
prawie; niemalże nearly
38%
ani nor
38%
ogłoszenie; zawiadomienie; zauważyć; dostrzegać notice
31%
niemniej jednak; pomimo tego; mimo to nevertheless
25%
koniecznie; niezbędnie necessarily
19%
schludny; czysty; zadbany neat
13%
pojęcie; przekonanie notion
13%
Nie znaleziono quizów pasujących do podanych kryteriów
Rozkład punktacji
Procent ludzi z każdym wynikiem
Percentyl według liczby udzielonych odpowiedzi
Twoja historia wyników
Nie rozwiązałeś tego quizu